Poezii, (Record no. 37590)

MARC details
000 -LEADER
fixed length control field 00478cam a22001692 4500
001 - CONTROL NUMBER
control field ltf91047113
003 - CONTROL NUMBER IDENTIFIER
control field DLC
005 - DATE AND TIME OF LATEST TRANSACTION
control field 20260227111553.0
008 - FIXED-LENGTH DATA ELEMENTS--GENERAL INFORMATION
fixed length control field 910429s1956 rm 000 0 rum
010 ## - LIBRARY OF CONGRESS CONTROL NUMBER
LC control number ltf91047113
040 ## - CATALOGING SOURCE
Original cataloging agency DLC
Transcribing agency DLC
Modifying agency DLC
050 00 - LIBRARY OF CONGRESS CALL NUMBER
Classification number 4PC Rum 162
100 1# - MAIN ENTRY--PERSONAL NAME
Personal name Eminescu, Mihai,
Dates associated with a name 1850-1889.
245 10 - TITLE STATEMENT
Title Poezii,
Statement of responsibility, etc. cu o prefață de Mihail Sadoveanu.
260 ## - PUBLICATION, DISTRIBUTION, ETC.
Place of publication, distribution, etc. [București]
Name of publisher, distributor, etc. Editura de Stat Pentru Literatură și Artă
Date of publication, distribution, etc. [1956?]
300 ## - PHYSICAL DESCRIPTION
Extent 282 p.

No items available.

Powered by Koha